S-P-O-R-C-L-E Literature Images Quiz Stats

Quiz Updated Aug 10, 2015

Challenge
Share
Tweet
Score 0/21 Timer 05:00
4 Plays Today
% Correct
Piglet
96.8%
Charlotte
89.6%
Edgar Allan Poe
83.2%
George Orwell
81%
Sam I Am
78.6%
Little Women
77.1%
C. S. Lewis
73.5%
Catch-22
71%
Of Mice and Men
68.1%
Paradise Lost
59.3%
Salman Rushdie
56.3%
% Correct
Robinson Crusoe
54%
Emma
51.5%
Olivia
48.4%
Jonathan Swift
46.8%
Eloise
39%
Ralph Ellison
34.4%
James Fenimore Cooper
34.4%
Ralph
26.3%
Song of Solomon
18.8%
Lowly Worm
13.3%

You're not logged in!

Compare scores with friends on all Sporcle quizzes.
Sign Up with Email
OR
Log In

You Might Also Like...

Show Comments

Extras

Top Quizzes Today


Score Distribution

Your Account Isn't Verified!

In order to create a playlist on Sporcle, you need to verify the email address you used during registration. Go to your Sporcle Settings to finish the process.